Permeability assessment of concrete with admixture and bacterial mineralization (Record no. 553561)

000 -LEADER
fixed length control field 00404nam a22001457a 4500
082 ## - DEWEY DECIMAL CLASSIFICATION NUMBER
Classification number P-623
100 ## - MAIN ENTRY--PERSONAL NAME
Personal name Hassan Javaid
9 (RLIN) 50824
245 ## - TITLE STATEMENT
Title Permeability assessment of concrete with admixture and bacterial mineralization
260 ## - PUBLICATION, DISTRIBUTION, ETC.
Place of publication, distribution, etc. Risalpur,
Name of publisher, distributor, etc. MCE,
Date of publication, distribution, etc. 2015.
300 ## - PHYSICAL DESCRIPTION
Extent 99p.
526 ## - STUDY PROGRAM INFORMATION NOTE
Program name 0
Interest level 0
Reading level 0
Title point value P_623
526 ## - STUDY PROGRAM INFORMATION NOTE
Program name 0
Interest level 0
Reading level 0
Title point value P_623
700 ## - ADDED ENTRY--PERSONAL NAME
Personal name Lt Col Sarfraz ahmad
9 (RLIN) 50825
942 ## - ADDED ENTRY ELEMENTS (KOHA)
Source of classification or shelving scheme
Koha item type Book
Holdings
Withdrawn status Lost status Source of classification or shelving scheme Damaged status Not for loan Permanent Location Current Location Date acquired Total Checkouts Full call number Barcode Date last seen Price effective from Koha item type
          Military College of Engineering (MCE) Military College of Engineering (MCE) 07/09/2015   P-623 MCE-P-623 07/09/2015 07/09/2015 Book
          Military College of Engineering (MCE) Military College of Engineering (MCE) 07/09/2015   P-623 MCE-P-624 07/09/2015 07/09/2015 Book
© 2023 Central Library, National University of Sciences and Technology. All Rights Reserved.